| 000 | 00742nam a22002057a 4500 | ||
|---|---|---|---|
| 999 |
_c5188 _d5188 |
||
| 003 | AR-CdUCM | ||
| 008 | 190312b ||||| |||| 00| 0 spa d | ||
| 040 |
_aMUNICIPALIDAD PROVINCIAL DEL CUSCO _cBIBLIOTECA MUNICIPAL DEL CUSCO |
||
| 041 | _heng | ||
| 082 |
_22ed. 1er reimpresión _a412 / _bUL37 |
||
| 100 |
_aUllmann, Stephen _915745 |
||
| 245 | _aSemántica : introducción a la ciencia del significado / | ||
| 260 |
_aMadrid : _bAguilar, _c1970. |
||
| 300 |
_a320 páginas ; _c21 cm. |
||
| 505 | _aContenido: Cómo se construye la lengua -- La naturaleza de las palabras -- El significado -- Palabras transparentes y opacas ... | ||
| 650 |
_aSemántica _97092 |
||
| 650 |
_aLengua española _91124 |
||
| 942 |
_2ddc _cLIBROS |
||
| 945 | _azta | ||